| 000 | 00965nam a2200229 a 4500 | ||
|---|---|---|---|
| 001 | 63377 | ||
| 003 | BD-RjUL | ||
| 005 | 20211209081206.0 | ||
| 008 | 170130s1952 ii ||||| |||| 00| 0 ben d | ||
| 035 | _a(BD-RjUL)63506 | ||
| 040 |
_aBD-RjUL _bben _cBD-RjUL _dBD-RjUL |
||
| 041 | _aben | ||
| 082 |
_223 _a398.99144 _bBAN 1952 |
||
| 245 | 0 | 0 |
_aবাংলা প্রবাদ : _bছড়া ও চলতি কথা / _cসুশীল কুমার দে, সম্পাদিত |
| 250 | _a২য় সং. | ||
| 260 |
_aকলিকাতা : _bএ. মুখার্জী এন্ড কোঃ , _c১৯৫২ [ভাদ্র ১৩৫৯] |
||
| 300 |
_a[১২], ৯৮৫ পৃ. ; _c২২ সেমি. |
||
| 650 |
_aবাংলা প্রবাদ সংগ্রহ _9234123 |
||
| 650 |
_aBengali Proverbs Collections _9234124 |
||
| 700 |
_aদে, সুশীল কুমার, সম্পাদক _9234125 |
||
| 942 |
_2ddc _cBK |
||
| 999 |
_c63377 _d63377 |
||